| 000 | 01212nam a2200205Ia 4500 | ||
|---|---|---|---|
| 003 | Ost | ||
| 005 | 20260416102401.0 | ||
| 008 | 260416s9999||||xx |||||||||||||| ||und|| | ||
| 040 | _cfsecg | ||
| 041 | _aara | ||
| 082 | _a658.802 | ||
| 100 |
_aسليماني، نورة _eمؤلف |
||
| 245 | 0 |
_aمحاضرات في الأساليب الكمية في التسويق / _c نورة سليماني |
|
| 260 |
_aالجزائر _bجامعة الجزائر3: كلية العلوم الإقتصادية، العلوم التجارية وعلوم التسيير _c2024 |
||
| 300 |
_a106 ورقة _c12 سم |
||
| 520 | _aمقدمة حول تطبيق الأساليب الكمية ، أسلوب البرمجة الخطية، تطبيق أسلوب شجرة القرار في مجال التسويق، تحليل الصراع في السوق، الأساليب الكمية في تخطيط مسارات البيع والتوزيع، التخطيط لبرنامج تسويقي | ||
| 653 | _aالتسويق- الأساليب الكمية | ||
| 710 |
_aجامعة الجزائر3: كلية العلوم الإقتصادية، العلوم التجارية وعلوم التسيير _eناشر علمي |
||
| 942 | _cHANDOUT | ||
| 999 |
_c41440 _d41440 |
||